000 00592nam a2200193 a 4500
001 000017545
005 20240412074247.0
008 100326s1970 dr r 000 p spa d
040 _aDO-SdBNP
_bspa
_cBNPHU
082 _aRD861.44
_bR934al
100 1 _aRuíz Noboa, Altagracía
_938296
245 1 3 _aEl alma dice... /
_cAltagracía Ruíz Vda. Noboa.
260 _aSanto Domingo :
_b[s.n.],
_c1970.
300 _a73 p. ;
_c22 cm.
590 _aInventariado, 2018/BT
650 0 _aPoesía dominicana
_966
650 0 _aLiteratura dominicana.
_967
910 _aValidado. Control de calidad. MFF
999 _c17070
_d17070